000 00306nam a22001337a 4500
008 170914b xxu||||| |||| 00| 0 eng d
020 _a9780891347248
041 _aeng
080 _a7
100 _a44
101 _aART
245 _aTHE COMPLETE GUIDE TO ECO-FRIENDLY DESIGN
_cEVANS,P
942 _2udc
_cBK
999 _c27724
_d27724